Anterior & posterior porcelain application (Registro nro. 11296)
[ vista simple ]
| 000 -Cabecera | |
|---|---|
| Campo de control de longitud fija | 00687ntm a22002777a 4500 |
| 005 - Fecha y hora de la última transacción | |
| Campo de control | 20251015191314.0 |
| 008 - Elementos de longitud fija--Información general | |
| Campo de control de longitud fija | 181109b xxu||||| |||| 00| 0 spa d |
| 020 ## - International Standard Book Number | |
| Número Internacional Estándar del Libro (ISBN) | 9780979740231 |
| 041 ## - Idioma | |
| Código de idioma | |
| 082 ## - Clasificación Decimal Dewey | |
| Número de clasificación | 617.695 N463an |
| 245 ## - Título propiamente dicho | |
| Título | Anterior & posterior porcelain application |
| 260 ## - Pie de imprenta | |
| Lugar de publicación, distribución, etc. | Estados Unidos |
| 260 ## - Pie de imprenta | |
| Nombre del editor, distribuidor, etc. | PTC |
| 260 ## - Pie de imprenta | |
| Fecha de publicación, distribución, etc. | 2012 |
| 300 ## - Descripción física | |
| Extensión | 128 páginas |
| 300 ## - Descripción física | |
| Otras características físicas | Ilustraciones a color |
| 490 ## - Serie | |
| Título de la Serie | Mecánica Dental |
| 505 ## - Nota de contenido | |
| Nota de contenido | TechBook volumen 5 |
| 650 ## - Materia general | |
| Temática (materia general) | MATERIALES DENTALES |
| 650 ## - Materia general | |
| Temática (materia general) | PORCELANA |
| 650 ## - Materia general | |
| Temática (materia general) | COLORACIÓN DENTAL |
| 650 ## - Materia general | |
| Temática (materia general) | CEMENTOS DENTALES |
| 650 ## - Materia general | |
| Temática (materia general) | CORONAS |
| 650 ## - Materia general | |
| Temática (materia general) | PUENTES |
| 942 ## - Punto de acceso adicional KOHA | |
| Tipo de ítem KOHA | Libro |
| Fuente del sistema de clasificación o colocación | Dewey Decimal Classification |
| Signatura completa | Código de barras | Programa Académico | Tipo de ítem |
|---|---|---|---|
| 617.695 N463an | 23723 | Mecánica Dental | Libro |